National Anthem to Country - Part 1 - Statistics

General Stats
  • This quiz has been taken 23 times
  • The average score is 11 of 20
Answer Stats
National Anthem Country % Correct
La Marseillaise France
100%
God Save Our Gracious King United Kingdom
100%
Marcha Real Spain
95%
Star Spangled Banner United States
95%
O ______ Canada
79%
Kimigayo Japan
79%
Jana Gana Mana India
68%
İstiklâl Marşı Turkey
68%
March of the Volunteers China
58%
Il Canto degli ________ Italy
58%
Mazurek Dąbrowskiego Poland
58%
Advance _________ Fair Australia
53%
Aegukka North Korea
37%
_________ Raya Indonesia
32%
Negaraku Malaysia
32%
Lupang Hinirang Philippines
32%
Phleng Chat ____ Thailand
32%
Majulah _________ Singapore
21%
An-Nashīd al-Waṭanī Kuwait
11%
Sayaun Thunga Phulka Nepal
11%
No matching quizzes found
Score Distribution
Percent of People with Each Score
Percentile by Number Answered
Your Score History
You have not taken this quiz